| 000 | 00504 a2200157 4500 | ||
|---|---|---|---|
| 020 | _a0-13-109224-3 | ||
| 082 |
_a624.1773YAN _bL-38-P-198 |
||
| 090 |
_c2827 _d2827 |
||
| 100 |
_aYAN, YEONG-BIN AND SHYH-RONG KUO _943034 |
||
| 245 | _aTHEORY AND ANALYSIS OF NONLINEAR FRAMED STRUCTURES | ||
| 260 |
_aNEW YARK _bPRENTICE HALL PUBLICATION _c1994 |
||
| 300 |
_aXXXI, 579P. _c24CM |
||
| 500 | _aFRAMED STRUCTURES | ||
| 526 |
_a0 _b0 _c0 _d624_000000000000000_1773YAN_L3 |
||
| 942 |
_2ddc _aMCE _cBOOK _k624.1773 YAN |
||
| 999 |
_c546833 _d546833 |
||